| 000 | 00365nam a22001577a 4500 | ||
|---|---|---|---|
| 005 | 20251028132951.0 | ||
| 008 | 240330b |||||||| |||| 00| 0 eng d | ||
| 020 | _a9789389587883 | ||
| 041 | _aMar | ||
| 082 |
_223 _a491.46 |
||
| 100 |
_aDutta D C _9214686 |
||
| 245 | _aTextbook of Gynacology | ||
| 300 | _a32P. | ||
| 650 |
_aGynacology _9214687 |
||
| 942 | _cBK | ||
| 999 |
_c357658 _d357658 |
||